Представление документа в формате RUSMARC

ПолеНазваниеЗначение
  Тип записи a
  Библиографический уровень a
001 Контрольный номер RU/REG73/CBS_GRAD/957e207e6bc94ebbaeb3887a26d2067c
005 Дата корректировки 20240131203732.5
100 Данные общей обработки __
a Данные общей обработки 20231120d2023 ||| 0rusy0189 ca
101 Язык документа 0_
a Язык текста rus
102 Страна публикации __
a Страна публикации RU
105 Кодированные данные (монография) __
a Кодированные данные (монография) a ||||000yy
200 Заглавие и сведения об ответственности 1_
a Заглавие Обаяние синкретизма
e Сведения, относящиеся к заглавию О Рерихе и не только
f Первые сведения об ответственности Н. Ростова
461 Уровень набора _0
1 2000
a Завтра
463 Уровень физической единицы _0
1 2000
a № 43 (1555)(ноябрь)
v С.7.
1 2101
d 2023
1 001RU/REG73/CBS_GRAD/aba5d210be954aacaa58488b1ca470d6
600 Персоналии _1
a Персоналии (Фамилия) Рерих
b Персоналии (Имя, инициалы) Николай
606 Тематические рубрики 0_
a Основная рубрика Живопись
610 Ключевые слова 0_
a Ключевые слова художники, юбилей художника, Третьяковская галерея, выставки, проекты
686 Индексы других классификаций __
a Классификационный индекс 85.1
2 Код системы rubbk
700 Автор _1
a Фамилия Ростова
b Имя (инициалы) Н.
g Полное личное имя Наталья
4 Код отношения 070
801 Источник записи _0
a Страна RU
b Организация RuCBSGrad
c Дата составления 20231120
g Правила каталогизации RCR
801 Источник записи _1
a Страна RU
b Организация RuCBSGrad
c Дата составления 20231120
g Правила каталогизации RCR
852 Данные о местонахождении __
a Наименование организации МБУК "ЦБС г. Димитровграда"
m Каталогизатор Тенигина
901 Тип документа __
t Тип документа f
w Контрольный № источника RU/REG73/CBS_GRAD/aba5d210be954aacaa58488b1ca470d6
909 Создатель записи __
a Создатель записи Тенигина